Condiciones de supervivencia de la humanidad
I tiakina i:
| Kaituhi matua: | |
|---|---|
| Hōputu: | Pukapuka |
| Reo: | Pāniora |
| I whakaputaina: |
Barcelona
Alfa
1988
|
| Rangatū: | Estudios Alemanes
|
| Ngā marau: | |
| Ngā Tūtohu: |
Tāpirihia he Tūtohu
Kāore He Tūtohu, Me noho koe te mea tuatahi ki te tūtohu i tēnei pūkete!
|
MARC
| LEADER | 00000nam a2200000 a 4500 | ||
|---|---|---|---|
| 001 | UCX6569 | ||
| 003 | CL-VaPUC | ||
| 008 | 930728e19880000SP |||||||||||||||||spa|d | ||
| 082 | 0 | 4 | |a 304.2 |b FET |2 21 |
| 100 | 0 | |a Fetscher, Iring |e author |9 323128 | |
| 245 | 1 | 0 | |a Condiciones de supervivencia de la humanidad |
| 300 | |a 242 p | ||
| 942 | |c BK | ||
| 945 | |d 19930728 00:00:00 | ||
| 260 | |a Barcelona |b Alfa |c 1988 | ||
| 650 | 7 | |a PROGRESO ASPECTOS MORALES Y ETICOS |2 CL-VaPUC |9 323129 | |
| 583 | |a last modification |c 19930728 00:00:00 |k Rodrigo Vera | ||
| 490 | 0 | |a Estudios Alemanes | |
| 999 | |c 226567 |d 226565 | ||
| 952 | |0 0 |1 0 |4 0 |6 304_200000000000000_FET_1988 |7 0 |8 P |9 225037 |a BIBEDU |b BIBEDU |c BIBEDU_PB |d 2019-11-15 |i 2937441 |o 304.2 FET 1988 |p 2937441 |r 2024-01-25 |w 2019-11-15 |y BK |k FIL | ||
| 952 | |0 0 |1 0 |4 0 |6 304_200000000000000_FET_1988 |7 0 |8 P |9 225038 |a BIBEDU |b BIBEDU |c BIBEDU_PB |d 2019-11-15 |i 293745K |o 304.2 FET 1988 |p 293745K |r 2024-01-25 |w 2019-11-15 |y BK |k FIL | ||
| 952 | |0 0 |1 0 |4 0 |6 304_200000000000000_FET_1988 |7 0 |8 P |9 225039 |a BIBEDU |b BIBEDU |c BIBEDU_PB |d 2019-11-15 |i 2937468 |o 304.2 FET 1988 |p 2937468 |r 2024-01-25 |w 2019-11-15 |y BK |k FIL | ||
| 952 | |0 0 |1 0 |4 0 |6 304_200000000000000_FET_1988 |7 0 |8 P |9 225040 |a BIBEDU |b BIBEDU |c BIBEDU_PB |d 2019-11-15 |i 2937476 |o 304.2 FET 1988 |p 2937476 |r 2024-01-25 |w 2019-11-15 |y BK |k FIL | ||
| 952 | |0 0 |1 0 |4 0 |6 304_200000000000000_FET_1988 |7 0 |8 P |9 225041 |a BIBEDU |b BIBEDU |c BIBEDU_PB |d 2019-11-15 |i 2937484 |o 304.2 FET 1988 |p 2937484 |r 2024-01-25 |w 2019-11-15 |y BK |k FIL | ||
| 952 | |0 0 |1 0 |4 0 |6 304_200000000000000_FET_1988 |7 0 |8 P |9 225042 |a BIBEDU |b BIBEDU |c BIBEDU_PB |d 2019-11-15 |i 2937492 |o 304.2 FET 1988 |p 2937492 |r 2024-01-25 |w 2019-11-15 |y BK |k FIL | ||
| 952 | |0 0 |1 0 |4 0 |6 304_200000000000000_FET_1988 |7 0 |8 P |9 225043 |a BIBEDU |b BIBEDU |c BIBEDU_PB |d 2019-11-15 |i 2937506 |o 304.2 FET 1988 |p 2937506 |r 2024-01-25 |w 2019-11-15 |y BK |k FIL | ||
| 952 | |0 0 |1 0 |4 0 |6 304_200000000000000_FET_1988 |7 0 |8 P |9 225044 |a BIBEDU |b BIBEDU |c BIBEDU_PB |d 2019-11-15 |i 2937514 |o 304.2 FET 1988 |p 2937514 |r 2024-01-25 |w 2019-11-15 |y BK |k FIL | ||